Německo-český a česko-německý slovník německo-česká část
Salvato in:
| Natura: | Libro |
|---|---|
| Lingua: | tedesco ceco |
| Pubblicazione: |
Praha
Stát. ped. nakl.
1982
|
| Edizione: | 3. vyd. |
| Serie: | Střední slovníky oboustranné
|
| Tags: |
Nessun Tag, puoi essere il primo ad aggiungerne!!
|
MARC
| LEADER | 00000nam a2200000 4500 | ||
|---|---|---|---|
| 001 | c119035 | ||
| 005 | 20250711101353.0 | ||
| 041 | 0 | |a ger | |
| 041 | 0 | |a cze | |
| 044 | |a CZ | ||
| 245 | 1 | 0 | |a Německo-český a česko-německý slovník |b německo-česká část |c František Widimský |
| 250 | |a 3. vyd. | ||
| 264 | 1 | |a Praha |b Stát. ped. nakl. |c 1982 | |
| 300 | |a 1019 s. | ||
| 490 | 1 | |a Střední slovníky oboustranné | |
| 830 | 0 | |a Střední slovníky oboustranné | |